000 02144nam0a2200361 4500
001 RU\NLR\b_ik\180212
005 20250616230732.0
035 _a(NLR Aleph) 002252777
090 _a3711578
_c3711578
100 _a20091105d2007 |||y0rusy50 ca
101 0 _aeng
_drus
102 _aRU
105 _aa |||||||||
200 1 _aThe software for the solution of the ODE and of Sturm-Liouville problem
_fV.V. Monakhov, O.A. Matveeva, I.B. Kernitsky, L.A. Yevstigneyev
_gSaint Petersburg state univ., Phys. fac., Dep. of computational physics
210 _aSaint-Petersburg
_c[s.n.]
_d2007
215 _a54, [1] с.
_cил.
_d20
225 1 _aПриоритетные национальные проекты
_iОбразование
300 _aОбл. на рус. яз.: Программное обеспечение для решения систем обыкновенных дифференциальных уравнений и задачи Штурма-Лиувилля / В.В. Монахов, О.А. Матвеева, И.Б. Керницкий, Л.А. Евстигнеев
300 _aРез. на рус. яз.
320 _aБиблиогр. в конце кн. (34 назв.)
512 1 _aПрограммное обеспечение для решения систем обыкновенных дифференциальных уравнений и задачи Штурма-Лиувилля
606 1 _aШтурма-Лиувилля задача
_xРешение на компьютерах
_92590925
_3RU\NLR\AUTH\661531150
606 1 _aОбыкновенные дифференциальные уравнения
_xСистемы
_xРешение на компьютерах
_92590929
_3RU\NLR\AUTH\661531152
686 1 _aВ192.164с116
686 1 _aВ192.162с116
701 1 _aMonachov
_bV. V.
_gVadim Valerievič
_4070
701 1 _aMatveeva
_bO. A.
_4070
701 1 _aKernickij
_bI. B.
_4070
701 1 _aEvstigneev
_bL. A.
_4070
801 0 _aRU
_bNLR
_c20091105
_gRCR
942 _cBOOK
980 _aNB